| 000 | 00419cam a22001451 4500 | ||
|---|---|---|---|
| 082 |
_a627.52 _bSAH _cNUST-02_P-99 |
||
| 100 | 1 |
_aSahasrabudhe, S. R. _918391 |
|
| 245 | 1 | 0 | _aA Textbook of Irrigation Engineering |
| 250 | _a11th ed. | ||
| 260 |
_aNew Delhi, _bS.K.Kataria & Sons. _c2017 |
||
| 300 |
_aiii, 366 p. _billus. _c22 cm. |
||
| 526 |
_a0 _b0 _c0 _d627_520000000000000_SAH |
||
| 650 | 0 | _aIrrigation. | |
| 942 |
_2ddc _cBK |
||
| 999 |
_c554271 _d554271 |
||